| 000 | 00661nam a22002057a 4500 | ||
|---|---|---|---|
| 003 | 0 | ||
| 005 | 20250429144329.0 | ||
| 008 | 250429b xxu||||| |||| 00| 0 eng d | ||
| 020 | _a9786214271603 | ||
| 050 |
_aTS 156 _b.Se487 2023 |
||
| 100 | _aSerrano, Angelita Ong Camilar | ||
| 245 |
_aProductivity and quality management _cAngelita Ong Camilar Serrano |
||
| 260 |
_aManila _bUnlimited Books Library Services & Publishing Inc. _cc2023 |
||
| 300 |
_axii, 230 pages ; _c26cm. |
||
| 504 | _aIncludes bibliographical references. | ||
| 650 | _aQuality control. | ||
| 650 | _aPerformance standards. | ||
| 650 | _aProduction management. | ||
| 942 |
_2lcc _cBK |
||
| 999 |
_c367432 _d367432 |
||